[Event "PMPJ 2022 - C17"]
[Site "Jastrzebia Gora"]
[Date "2022.11.12"]
[Round "9.2"]
[White "Lis, Maksymilian"]
[Black "Krasniewski, Szymon"]
[Result "1/2-1/2"]
[BlackElo "1645"]
[WhiteElo "1684"]
[LiveChessVersion "1.4.8"]

1. d4 {[%clk 1:30:56]} Nf6 {[%clk 1:30:57]} 2. Nc3 {[%clk 1:31:20]} d5
{[%clk 1:31:23]} 3. Bf4 {[%clk 1:31:44]} c6 {[%clk 1:31:48]} 4. e3
{[%clk 1:31:53]} Bf5 {[%clk 1:32:05]} 5. Bd3 {[%clk 1:32:14]} Bg6
{[%clk 1:32:31]} 6. Nf3 {[%clk 1:32:33]} e6 {[%clk 1:32:51]} 7. Qe2
{[%clk 1:32:35]} Bd6 {[%clk 1:32:36]} 8. Ne5 {[%clk 1:32:48]} Qe7
{[%clk 1:31:57]} 9. e4 {[%clk 1:32:41]} dxe4 {[%clk 1:31:50]} 10. Nxe4
{[%clk 1:31:57]} Nxe4 {[%clk 1:32:01]} 11. Bxe4 {[%clk 1:32:21]} Bxe4
{[%clk 1:15:21]} 12. Qxe4 {[%clk 1:32:45]} Nd7 {[%clk 1:15:16]} 13. Nxd7
{[%clk 1:33:02]} Qxd7 {[%clk 1:15:42]} 14. Bxd6 {[%clk 1:33:03]} Qxd6
{[%clk 1:16:08]} 15. c3 {[%clk 1:33:24]} O-O {[%clk 1:15:21]} 16. O-O
{[%clk 1:33:30]} Qd5 {[%clk 1:15:07]} 17. Rfe1 {[%clk 1:33:49]} Rfd8
{[%clk 1:14:02]} 18. Qxd5 {[%clk 1:32:38]} Rxd5 {[%clk 1:13:58]} 19. Kf1
{[%clk 1:32:46]} Rad8 {[%clk 1:14:08]} 20. b4 {[%clk 1:32:27]} b6
{[%clk 1:14:13]} 21. Rab1 {[%clk 1:29:06]} Kf8 {[%clk 1:12:21]} 22. Re3
{[%clk 1:28:39]} Ke7 {[%clk 1:09:45]} 23. Ke2 {[%clk 1:28:41]} b5
{[%clk 1:05:40]} 24. a4 {[%clk 1:27:10]} bxa4 {[%clk 1:05:27]} 25. Ra1
{[%clk 1:27:34]} a5 {[%clk 1:05:21]} 26. Rxa4 {[%clk 1:27:59]} axb4
{[%clk 1:05:46]} 27. Rxb4 {[%clk 1:28:24]} c5 {[%clk 1:05:12]} 28. Rb7+
{[%clk 1:28:38]} R8d7 {[%clk 1:05:37]} 29. Rxd7+ {[%clk 1:28:59]} Kxd7
{[%clk 1:06:00]} 30. dxc5 {[%clk 1:27:51]} Rxc5 {[%clk 1:06:27]} 31. Rh3
{[%clk 1:28:03]} Rg5 {[%clk 1:05:42]} 32. Rd3+ {[%clk 1:28:13]} Kc6
{[%clk 1:05:55]} 33. g3 {[%clk 1:28:38]} Re5+ {[%clk 1:05:34]} 34. Kf1
{[%clk 1:27:33]} Ra5 {[%clk 1:04:08]} 35. Rd8 {[%clk 1:27:47]} g6
{[%clk 1:01:48]} 36. Rf8 {[%clk 1:27:31]} Ra7 {[%clk 1:02:02]} 37. Ke2
{[%clk 1:27:34]} Kd6 {[%clk 1:00:41]} 1/2-1/2

[Event "PMPJ 2022 - C17"]
[Site "Jastrzebia Gora"]
[Date "2022.11.12"]
[Round "9.3"]
[White "Karut, Kacper"]
[Black "Kossowski, Pawel"]
[Result "1/2-1/2"]
[BlackElo "1773"]
[WhiteElo "1794"]
[LiveChessVersion "1.4.8"]

1. e4 {[%clk 1:30:59]} e5 {[%clk 1:30:54]} 2. Nf3 {[%clk 1:31:26]} Nc6
{[%clk 1:31:20]} 3. Bc4 {[%clk 1:31:47]} Bc5 {[%clk 1:31:39]} 4. c3
{[%clk 1:32:07]} Nf6 {[%clk 1:31:53]} 5. d4 {[%clk 1:32:28]} exd4
{[%clk 1:31:54]} 6. b4 {[%clk 1:32:22]} Bb6 {[%clk 1:24:31]} 7. e5
{[%clk 1:32:27]} d5 {[%clk 1:21:07]} 8. exf6 {[%clk 1:32:45]} dxc4
{[%clk 1:20:51]} 9. Qe2+ {[%clk 1:32:54]} Be6 {[%clk 1:19:00]} 10. b5
{[%clk 1:33:09]} Na5 {[%clk 1:10:34]} 11. fxg7 {[%clk 1:32:18]} Rg8
{[%clk 1:10:09]} 12. cxd4 {[%clk 1:32:22]} Bxd4 {[%clk 1:00:17]} 13. Nxd4
{[%clk 1:32:39]} Qxd4 {[%clk 0:59:59]} 14. Bb2 {[%clk 1:32:37]} Qf4
{[%clk 0:56:00]} 15. O-O {[%clk 1:27:10]} O-O-O {[%clk 0:54:00]} 16. Qh5
{[%clk 1:16:36]} f6 {[%clk 0:35:30]} 17. Re1 {[%clk 1:03:35]} Rxg7
{[%clk 0:27:02]} 18. g3 {[%clk 0:53:55]} Bd5 {[%clk 0:20:37]} 19. Re8
{[%clk 0:51:59]} Qd6 {[%clk 0:19:32]} 20. Qf5+ {[%clk 0:51:28]} Rgd7
{[%clk 0:14:17]} 21. Rxd8+ {[%clk 0:51:03]} Kxd8 {[%clk 0:14:43]} 22. Qxf6+
{[%clk 0:48:06]} Qxf6 {[%clk 0:14:26]} 23. Bxf6+ {[%clk 0:48:33]} Ke8
{[%clk 0:11:32]} 24. f4 {[%clk 0:44:23]} b6 {[%clk 0:09:19]} 25. Nc3
{[%clk 0:41:49]} Kf7 {[%clk 0:07:43]} 26. Be5 {[%clk 0:41:03]} Ba8
{[%clk 0:06:27]} 27. Rd1 {[%clk 0:33:23]} Rxd1+ {[%clk 0:06:17]} 28. Nxd1
{[%clk 0:33:47]} c6 {[%clk 0:06:22]} 29. a4 {[%clk 0:34:02]} cxb5
{[%clk 0:05:23]} 30. axb5 {[%clk 0:34:28]} Bb7 {[%clk 0:05:13]} 1/2-1/2

[Event "PMPJ 2022 - C17"]
[Site "Jastrzebia Gora"]
[Date "2022.11.12"]
[Round "9.4"]
[White "Kotowicz, Kamil"]
[Black "Biesiadecki, Adam"]
[Result "1/2-1/2"]
[BlackElo "1706"]
[WhiteElo "1775"]
[LiveChessVersion "1.4.8"]

1. Nf3 {[%clk 1:30:53]} Nf6 {[%clk 1:30:50]} 2. c4 {[%clk 1:31:17]} e6
{[%clk 1:31:09]} 3. g3 {[%clk 1:31:26]} b6 {[%clk 1:31:19]} 4. Bg2
{[%clk 1:31:43]} Bb7 {[%clk 1:31:44]} 5. O-O {[%clk 1:31:41]} Be7
{[%clk 1:31:22]} 6. d4 {[%clk 1:32:01]} O-O {[%clk 1:31:25]} 7. Nc3
{[%clk 1:32:10]} d5 {[%clk 1:31:12]} 8. cxd5 {[%clk 1:32:17]} Nxd5
{[%clk 1:30:02]} 9. Nxd5 {[%clk 1:31:28]} Bxd5 {[%clk 1:29:48]} 10. Be3
{[%clk 1:28:02]} Nd7 {[%clk 1:29:29]} 11. Qd2 {[%clk 1:26:56]} c5
{[%clk 1:28:24]} 12. Rfd1 {[%clk 1:11:30]} Qc7 {[%clk 1:25:17]} 13. Rac1
{[%clk 1:06:00]} Qb7 {[%clk 1:23:30]} 14. Ne1 {[%clk 1:05:06]} Bxg2
{[%clk 1:21:08]} 15. Nxg2 {[%clk 1:05:26]} Rfd8 {[%clk 1:20:35]} 16. Qe1
{[%clk 1:03:31]} Rac8 {[%clk 1:20:18]} 17. dxc5 {[%clk 1:02:29]} Bxc5
{[%clk 1:19:20]} 18. Bxc5 {[%clk 0:59:06]} Nxc5 {[%clk 1:19:30]} 19. Ne3
{[%clk 0:57:45]} Rxd1 {[%clk 1:16:13]} 20. Rxd1 {[%clk 0:55:58]} Ne4
{[%clk 1:13:47]} 21. f3 {[%clk 0:54:22]} Nf6 {[%clk 1:14:09]} 22. Qd2
{[%clk 0:54:35]} h6 {[%clk 1:14:21]} 23. a3 {[%clk 0:54:21]} Qc6 {[%clk 1:14:17]}
24. Kf2 {[%clk 0:51:24]} Qc5 {[%clk 1:14:20]} 25. Qd4 {[%clk 0:51:18]} Qxd4
{[%clk 1:14:16]} 26. Rxd4 {[%clk 0:51:44]} Kf8 {[%clk 1:14:08]} 27. Ke1
{[%clk 0:50:50]} Ke7 {[%clk 1:14:25]} 28. Kd2 {[%clk 0:51:15]} Rc5
{[%clk 1:14:34]} 29. Ra4 {[%clk 0:48:17]} Rc7 {[%clk 1:14:46]} 30. Rd4
{[%clk 0:48:33]} Rc5 {[%clk 1:15:09]} 31. Ra4 {[%clk 0:48:55]} Rc7
{[%clk 1:15:35]} 1/2-1/2

[Event "PMPJ 2022 - C17"]
[Site "Jastrzebia Gora"]
[Date "2022.11.12"]
[Round "9.5"]
[White "Madajczak, Piotr"]
[Black "Smetek, Michal"]
[Result "1-0"]
[BlackElo "1731"]
[WhiteElo "1902"]
[LiveChessVersion "1.4.8"]

1. Nf3 d5 2. g3 Nf6 3. Bg2 Bf5 4. O-O e6 5. d3 Be7 6. Nbd2 O-O 7. Nh4 Bg6 8. Nxg6
hxg6 9. c3 c6 10. Qc2 a5 11. e4 Na6 12. Rd1 Qb6 13. Nf1 Rfd8 14. Be3 Bc5 15. Bxc5
Nxc5 16. e5 Nfd7 17. Qe2 Qc7 18. f4 Nf8 19. h4 f5 20. Rab1 a4 21. Nd2 b5 22. Kh2
Nb7 23. Rh1 Qe7 24. Nf3 Nh7 25. Rbc1 Rac8 26. Bf1 c5 27. Qd2 b4 28. cxb4 cxb4 29.
Be2 a3 30. Nd4 axb2 31. Qxb2 Na5 32. Kg2 Nf8 33. Bf3 Rc7 34. Nb5 Rxc1 35. Rxc1
Rb8 36. Nd6 b3 37. Bd1 Qa7 38. axb3 Qe3 39. Rc8 Rxc8 40. Nxc8 Nc6 41. Qe2 Qd4 42.
Qd2 Nb4 43. Be2 Nd7 44. Nd6 Kh7 45. Nb5 Qc5 46. d4 Qe7 47. Nd6 Nc6 48. Qc3 Ndb8
49. b4 Qa7 50. Nb5 Qa4 51. Nc7 Qxb4 52. Qxb4 Nxb4 53. Nxe6 Kg8 54. Bf3 N8c6 55.
Nc7 Nxd4 56. Bxd5+ Kf8 57. Ne6+ Nxe6 58. Bxe6 Ke7 59. Bc4 Nc6 60. Kf2 Na7 61. Ke3
Nc8 62. Kd4 Nb6 63. Bb5 Na8 64. Kc5 Nc7 65. Bc4 Ne8 66. Kc6 g5 67. hxg5 g6 68.
Kd5 Ng7 69. Be2 Ne6 70. Kc4 Kd7 71. Bf3 Ke7 72. Kd3 Kd7 73. Ke3 Ke7 74. g4 fxg4
75. Bxg4 Ng7 76. Ke4 Ne8 77. Be2 Ng7 78. Kf3 Ne6 79. Bd3 Nf8 80. f5 gxf5 81. Bxf5
Kf7 82. Ke4 Kg7 83. Kd5 Kf7 84. Kd6 Kg7 85. e6 Nxe6 86. Kxe6 1-0

[Event "PMPJ 2022 - C17"]
[Site "Jastrzebia Gora"]
[Date "2022.11.12"]
[Round "9.6"]
[White "Pieczulis, Blazej"]
[Black "Melerowicz, Dominik"]
[Result "1-0"]
[BlackElo "1850"]
[WhiteElo "1693"]
[LiveChessVersion "1.4.8"]

1. e4 {[%clk 1:30:43]} c5 {[%clk 1:30:55]} 2. Nf3 {[%clk 1:31:00]} d6
{[%clk 1:31:20]} 3. d4 {[%clk 1:30:54]} cxd4 {[%clk 1:31:44]} 4. Qxd4
{[%clk 1:31:20]} Nc6 {[%clk 1:31:42]} 5. Bb5 {[%clk 1:31:11]} Bd7
{[%clk 1:31:43]} 6. Bxc6 {[%clk 1:31:26]} Bxc6 {[%clk 1:31:59]} 7. Nc3
{[%clk 1:31:48]} Nf6 {[%clk 1:31:57]} 8. Bg5 {[%clk 1:31:00]} Qb6
{[%clk 1:31:21]} 9. Bxf6 {[%clk 1:13:42]} gxf6 {[%clk 1:31:41]} 10. Qxb6
{[%clk 1:13:45]} axb6 {[%clk 1:32:04]} 11. Nd4 {[%clk 1:13:06]} e6
{[%clk 1:29:23]} 12. O-O-O {[%clk 1:10:28]} Rg8 {[%clk 1:26:58]} 13. g3
{[%clk 1:09:45]} Rg5 {[%clk 1:20:00]} 14. f4 {[%clk 1:04:34]} Rc5
{[%clk 1:19:59]} 15. Rhe1 {[%clk 1:02:49]} b5 {[%clk 1:17:01]} 16. a3
{[%clk 1:00:34]} Be7 {[%clk 1:15:39]} 17. Nb3 {[%clk 0:59:37]} Rc4
{[%clk 1:11:52]} 18. Nd2 {[%clk 0:59:31]} Rc5 {[%clk 1:03:43]} 19. Nb3
{[%clk 0:48:24]} Rh5 {[%clk 1:03:33]} 20. Rd2 {[%clk 0:47:13]} Kf8
{[%clk 1:02:19]} 21. Nd4 {[%clk 0:42:05]} Bd7 {[%clk 0:48:25]} 22. Kb1
{[%clk 0:39:02]} Rc5 {[%clk 0:45:39]} 23. Re3 {[%clk 0:32:16]} Rac8
{[%clk 0:45:49]} 24. Nde2 {[%clk 0:30:29]} h5 {[%clk 0:43:39]} 25. h4
{[%clk 0:30:20]} Ra8 {[%clk 0:28:11]} 26. Nd4 {[%clk 0:21:37]} Rac8
{[%clk 0:24:31]} 27. Rdd3 {[%clk 0:21:49]} b4 {[%clk 0:15:28]} 28. axb4
{[%clk 0:21:52]} Rc4 {[%clk 0:15:53]} 29. b5 {[%clk 0:18:39]} Bd8
{[%clk 0:15:49]} 30. b3 {[%clk 0:17:34]} Rxd4 {[%clk 0:10:51]} 31. Rxd4
{[%clk 0:18:02]} Bb6 {[%clk 0:11:14]} 32. Rdd3 {[%clk 0:18:07]} Bxe3
{[%clk 0:11:32]} 33. Rxe3 {[%clk 0:18:36]} Rc5 {[%clk 0:11:45]} 34. Kb2
{[%clk 0:18:18]} f5 {[%clk 0:10:58]} 35. Rd3 {[%clk 0:16:08]} Ke7
{[%clk 0:06:57]} 36. b4 {[%clk 0:09:33]} Rc4 {[%clk 0:05:18]} 37. Kb3
{[%clk 0:06:59]} Rxe4 {[%clk 0:04:45]} 38. Nxe4 {[%clk 0:07:19]} fxe4
{[%clk 0:05:13]} 39. Rd4 {[%clk 0:06:54]} f5 {[%clk 0:04:37]} 40. c4
{[%clk 0:07:14]} e5 {[%clk 0:04:48]} 41. Rd1 {[%clk 0:07:08]} Ke6
{[%clk 0:04:29]} 42. Kc3 {[%clk 0:06:44]} b6 {[%clk 0:03:21]} 43. Ra1
{[%clk 0:06:09]} d5 {[%clk 0:03:25]} 44. cxd5+ {[%clk 0:06:32]} Kxd5
{[%clk 0:03:27]} 45. Rd1+ {[%clk 0:07:00]} Ke6 {[%clk 0:03:48]} 46. fxe5
{[%clk 0:07:26]} Bxb5 {[%clk 0:03:58]} 47. Kd4 {[%clk 0:07:53]} Bd3
{[%clk 0:03:13]} 48. Ra1 {[%clk 0:06:02]} Be2 {[%clk 0:03:01]} 49. Ra7
{[%clk 0:06:16]} b5 {[%clk 0:03:02]} 50. Ra6+ {[%clk 0:06:26]} Ke7
{[%clk 0:03:25]} 51. Ke3 {[%clk 0:05:08]} Bc4 {[%clk 0:02:42]} 52. Rh6
{[%clk 0:04:33]} Bf7 {[%clk 0:03:06]} 53. Kf4 {[%clk 0:04:56]} Kf8
{[%clk 0:03:02]} 54. e6 {[%clk 0:04:43]} Be8 {[%clk 0:03:17]} 55. Rf6+
{[%clk 0:05:00]} Ke7 {[%clk 0:03:39]} 56. Rxf5 {[%clk 0:05:23]} Kxe6
{[%clk 0:03:59]} 57. Re5+ {[%clk 0:05:49]} 1-0

[Event "PMPJ 2022 - C17"]
[Site "Jastrzebia Gora"]
[Date "2022.11.12"]
[Round "9.7"]
[White "Zeissel, Andrzej"]
[Black "Sternik, Piotr"]
[Result "0-1"]
[BlackElo "1726"]
[WhiteElo "1654"]
[LiveChessVersion "1.4.8"]

1. e4 {[%clk 1:30:58]} c6 {[%clk 1:30:52]} 2. d4 {[%clk 1:31:25]} d5
{[%clk 1:31:19]} 3. f3 {[%clk 1:31:51]} e6 {[%clk 1:31:45]} 4. Nc3
{[%clk 1:32:17]} Bb4 {[%clk 1:31:57]} 5. Bd2 {[%clk 1:32:42]} Ne7
{[%clk 1:32:06]} 6. Nce2 {[%clk 1:33:07]} Bxd2+ {[%clk 1:30:49]} 7. Qxd2
{[%clk 1:33:32]} Ng6 {[%clk 1:29:08]} 8. O-O-O {[%clk 1:32:39]} O-O
{[%clk 1:29:23]} 9. Nc3 {[%clk 1:30:07]} b5 {[%clk 1:29:44]} 10. Qf2
{[%clk 1:26:50]} a5 {[%clk 1:27:52]} 11. h4 {[%clk 1:25:37]} Nd7 {[%clk 1:23:12]}
12. g4 {[%clk 1:18:29]} Nb6 {[%clk 1:11:03]} 13. e5 {[%clk 1:12:35]} f6
{[%clk 1:11:01]} 14. h5 {[%clk 1:06:39]} Ne7 {[%clk 1:07:10]} 15. h6
{[%clk 1:04:26]} g6 {[%clk 1:07:22]} 16. exf6 {[%clk 1:03:17]} Rxf6
{[%clk 1:07:46]} 17. Bd3 {[%clk 0:57:29]} b4 {[%clk 1:08:09]} 18. Nb1
{[%clk 0:56:56]} a4 {[%clk 1:07:21]} 19. Re1 {[%clk 0:54:22]} Qd6
{[%clk 1:03:23]} 20. Nd2 {[%clk 0:52:21]} Nd7 {[%clk 1:00:38]} 21. Qe3
{[%clk 0:47:58]} c5 {[%clk 0:54:22]} 22. g5 {[%clk 0:47:04]} cxd4
{[%clk 0:53:18]} 23. Qe2 {[%clk 0:47:29]} Rf7 {[%clk 0:52:52]} 24. Qxe6
{[%clk 0:47:51]} Qxe6 {[%clk 0:53:20]} 25. Rxe6 {[%clk 0:48:14]} Nc5
{[%clk 0:53:44]} 26. Rb6 {[%clk 0:44:57]} Nxd3+ {[%clk 0:53:15]} 27. cxd3
{[%clk 0:45:22]} Bf5 {[%clk 0:44:30]} 28. Rxb4 {[%clk 0:45:35]} Nc6
{[%clk 0:44:53]} 29. Rb6 {[%clk 0:40:48]} Rc7 {[%clk 0:44:59]} 30. Ne2
{[%clk 0:35:25]} Nb4+ {[%clk 0:44:43]} 31. Kd1 {[%clk 0:35:44]} Nxd3
{[%clk 0:44:51]} 32. Rf1 {[%clk 0:29:22]} Re8 {[%clk 0:39:22]} 33. Rb5
{[%clk 0:24:50]} Nc1 {[%clk 0:36:54]} 34. Nxd4 {[%clk 0:23:12]} Nxa2
{[%clk 0:36:24]} 35. Ne4 {[%clk 0:20:24]} dxe4 {[%clk 0:36:07]} 36. Nxf5
{[%clk 0:19:39]} gxf5 {[%clk 0:35:51]} 37. f4 {[%clk 0:17:04]} Rd8+
{[%clk 0:36:01]} 38. Ke2 {[%clk 0:17:13]} Rc2+ {[%clk 0:36:26]} 39. Ke1
{[%clk 0:17:34]} Nc1 {[%clk 0:36:42]} 40. Rf2 {[%clk 0:17:04]} Nd3+
{[%clk 0:37:01]} 41. Kd1 {[%clk 0:17:29]} Rxf2 {[%clk 0:37:18]} 0-1

[Event "PMPJ 2022 - C17"]
[Site "Jastrzebia Gora"]
[Date "2022.11.12"]
[Round "9.8"]
[White "Kietrys, Maciej"]
[Black "Rzenca, Jerzy"]
[Result "0-1"]
[BlackElo "1631"]
[WhiteElo "1847"]
[LiveChessVersion "1.4.8"]

1. e4 {[%clk 1:30:58]} c6 {[%clk 1:30:56]} 2. d4 {[%clk 1:31:09]} d5
{[%clk 1:31:21]} 3. Nd2 {[%clk 1:31:10]} dxe4 {[%clk 1:31:45]} 4. Nxe4
{[%clk 1:31:35]} Bf5 {[%clk 1:32:11]} 5. Ng3 {[%clk 1:31:58]} Bg6
{[%clk 1:32:34]} 6. Nf3 {[%clk 1:31:30]} Nd7 {[%clk 1:32:30]} 7. Bd3
{[%clk 1:31:13]} e6 {[%clk 1:32:02]} 8. O-O {[%clk 1:28:13]} Ngf6
{[%clk 1:29:40]} 9. Bg5 {[%clk 1:26:13]} Qc7 {[%clk 1:25:39]} 10. Re1
{[%clk 1:25:36]} Bxd3 {[%clk 1:17:58]} 11. Qxd3 {[%clk 1:25:51]} h6
{[%clk 1:17:35]} 12. Bd2 {[%clk 1:25:14]} O-O-O {[%clk 1:08:47]} 13. c4
{[%clk 1:16:23]} g5 {[%clk 1:07:30]} 14. Bc3 {[%clk 1:15:34]} Rg8
{[%clk 1:02:49]} 15. Nd2 {[%clk 1:14:52]} h5 {[%clk 0:49:35]} 16. Nge4
{[%clk 1:13:04]} h4 {[%clk 0:40:00]} 17. Nxf6 {[%clk 1:12:19]} Nxf6
{[%clk 0:40:25]} 18. Qf3 {[%clk 1:10:33]} Rg6 {[%clk 0:36:23]} 19. Nf1
{[%clk 1:05:02]} g4 {[%clk 0:35:09]} 20. Qe3 {[%clk 1:05:00]} Bd6
{[%clk 0:30:10]} 21. g3 {[%clk 1:05:07]} Rh8 {[%clk 0:27:03]} 22. Re2
{[%clk 1:05:16]} hxg3 {[%clk 0:24:41]} 23. fxg3 {[%clk 1:05:33]} Rh3
{[%clk 0:24:36]} 24. Rd1 {[%clk 0:58:11]} Nh5 {[%clk 0:19:35]} 25. Rd3
{[%clk 0:57:10]} Nf4 {[%clk 0:19:36]} 26. Rf2 {[%clk 0:56:08]} Nxd3
{[%clk 0:19:36]} 27. Qxd3 {[%clk 0:56:34]} Rhh6 {[%clk 0:16:58]} 28. Bd2
{[%clk 0:56:46]} Rh5 {[%clk 0:15:45]} 29. b4 {[%clk 0:56:46]} Qe7
{[%clk 0:14:52]} 30. c5 {[%clk 0:55:34]} Bb8 {[%clk 0:13:41]} 31. Ne3
{[%clk 0:55:40]} Qd7 {[%clk 0:05:25]} 32. a4 {[%clk 0:54:37]} e5 {[%clk 0:02:19]}
33. Nc2 {[%clk 0:46:50]} exd4 {[%clk 0:01:40]} 34. Na3 {[%clk 0:43:53]} Re5
{[%clk 0:00:45]} 35. Nc4 {[%clk 0:44:02]} Ree6 {[%clk 0:01:02]} 36. a5
{[%clk 0:44:09]} Rgf6 {[%clk 0:01:19]} 37. Rxf6 {[%clk 0:42:53]} Rxf6
{[%clk 0:01:48]} 38. a6 {[%clk 0:43:17]} Qf5 {[%clk 0:01:38]} 39. axb7+
{[%clk 0:42:24]} Kxb7 {[%clk 0:00:48]} 40. Na5+ {[%clk 0:42:40]} Ka8
{[%clk 0:00:44]} 41. Qe2 {[%clk 0:42:32]} d3 {[%clk 0:00:38]} 42. Qg2
{[%clk 0:42:20]} Qe5 {[%clk 0:00:38]} 43. Nb3 {[%clk 0:41:05]} Qb2
{[%clk 0:00:51]} 44. Nc1 {[%clk 0:41:06]} Qc2 {[%clk 0:01:13]} 0-1

[Event "PMPJ 2022 - C17"]
[Site "Jastrzebia Gora"]
[Date "2022.11.12"]
[Round "9.9"]
[White "Bem, Tymoteusz"]
[Black "Skrzypczynski, Kacper"]
[Result "1/2-1/2"]
[BlackElo "1894"]
[WhiteElo "1652"]
[LiveChessVersion "1.4.8"]

1. d4 {[%clk 1:30:34]} Nf6 {[%clk 1:30:36]} 2. c4 {[%clk 1:30:54]} c6
{[%clk 1:30:45]} 3. Nc3 {[%clk 1:30:53]} d5 {[%clk 1:31:08]} 4. Nf3
{[%clk 1:31:16]} e6 {[%clk 1:30:31]} 5. Bg5 {[%clk 1:31:39]} Qa5 {[%clk 1:28:03]}
6. Bxf6 {[%clk 1:26:40]} gxf6 {[%clk 1:28:25]} 7. cxd5 {[%clk 1:25:57]} cxd5
{[%clk 1:28:39]} 8. e3 {[%clk 1:25:18]} Nc6 {[%clk 1:27:44]} 9. Be2
{[%clk 1:22:14]} f5 {[%clk 1:27:01]} 10. O-O {[%clk 1:21:44]} Bd7
{[%clk 1:23:53]} 11. a3 {[%clk 1:21:28]} Rc8 {[%clk 1:23:30]} 12. b4
{[%clk 1:20:32]} Qd8 {[%clk 1:23:23]} 13. Na4 {[%clk 1:20:06]} b6
{[%clk 1:22:38]} 14. Ba6 {[%clk 1:20:14]} Rc7 {[%clk 1:22:50]} 15. Rc1
{[%clk 1:19:48]} Bd6 {[%clk 1:19:35]} 16. Nc3 {[%clk 1:13:13]} Nb8
{[%clk 1:17:52]} 17. Be2 {[%clk 1:11:16]} O-O {[%clk 1:15:47]} 18. Qd2
{[%clk 1:06:20]} a5 {[%clk 1:12:07]} 19. Rb1 {[%clk 0:59:15]} Qe7
{[%clk 1:11:14]} 20. bxa5 {[%clk 0:57:29]} bxa5 {[%clk 1:11:31]} 21. Nb5
{[%clk 0:53:48]} Bxb5 {[%clk 1:11:36]} 22. Bxb5 {[%clk 0:53:07]} Ra7
{[%clk 1:11:44]} 23. a4 {[%clk 0:53:18]} Bb4 {[%clk 1:12:03]} 24. Qe2
{[%clk 0:50:27]} Rc7 {[%clk 1:11:37]} 25. Rbc1 {[%clk 0:49:51]} Rfc8
{[%clk 1:11:52]} 26. Rxc7 {[%clk 0:50:03]} Qxc7 {[%clk 1:11:28]} 27. h3
{[%clk 0:42:19]} Bd6 {[%clk 1:11:23]} 28. Qd2 {[%clk 0:39:41]} Bb4
{[%clk 1:09:26]} 29. Qd1 {[%clk 0:39:24]} Bd6 {[%clk 1:08:07]} 30. Qd2
{[%clk 0:39:27]} Qc3 {[%clk 1:02:01]} 31. Rb1 {[%clk 0:38:27]} Qxd2 1/2-1/2

[Event "PMPJ 2022 - C17"]
[Site "Jastrzebia Gora"]
[Date "2022.11.12"]
[Round "9.10"]
[White "Kulig, Pawel"]
[Black "Ochalik, Filip"]
[Result "0-1"]
[BlackElo "1448"]
[WhiteElo "1887"]
[LiveChessVersion "1.4.8"]

1. e4 {[%clk 1:30:58]} c5 {[%clk 1:30:25]} 2. Nf3 {[%clk 1:31:23]} Nc6
{[%clk 1:30:38]} 3. d4 {[%clk 1:31:26]} cxd4 {[%clk 1:30:43]} 4. Nxd4
{[%clk 1:31:52]} e5 {[%clk 1:28:53]} 5. Nb5 {[%clk 1:31:07]} d6 {[%clk 1:28:36]}
6. N1c3 {[%clk 1:30:53]} a6 {[%clk 1:28:38]} 7. Na3 {[%clk 1:31:20]} Nf6
{[%clk 1:27:13]} 8. Bg5 {[%clk 1:31:19]} Be7 {[%clk 1:26:41]} 9. Bxf6
{[%clk 1:29:58]} Bxf6 {[%clk 1:21:22]} 10. Nc4 {[%clk 1:29:45]} Be7
{[%clk 1:21:43]} 11. Ne3 {[%clk 1:29:03]} O-O {[%clk 1:20:28]} 12. Bc4
{[%clk 1:28:25]} Be6 {[%clk 1:19:37]} 13. Ncd5 {[%clk 1:25:13]} b5
{[%clk 1:14:19]} 14. Bb3 {[%clk 1:24:33]} Nd4 {[%clk 1:14:22]} 15. c3
{[%clk 1:23:54]} Nxb3 {[%clk 1:12:30]} 16. axb3 {[%clk 1:24:20]} Bg5
{[%clk 1:08:28]} 17. O-O {[%clk 1:22:23]} Bxe3 {[%clk 1:04:31]} 18. Nxe3
{[%clk 1:22:16]} Qb6 {[%clk 1:00:24]} 19. b4 {[%clk 1:19:40]} g6 {[%clk 0:58:52]}
20. Nd5 {[%clk 1:19:16]} Bxd5 {[%clk 0:58:41]} 21. Qxd5 {[%clk 1:19:29]} Kg7
{[%clk 0:58:44]} 22. Rfd1 {[%clk 1:19:17]} Rfd8 {[%clk 0:58:39]} 23. Ra5
{[%clk 1:18:48]} Ra7 {[%clk 0:58:57]} 24. Rda1 {[%clk 1:18:08]} Rda8
{[%clk 0:59:05]} 25. h3 {[%clk 1:17:01]} h5 {[%clk 0:58:00]} 26. Rd1
{[%clk 1:17:26]} Rd8 {[%clk 0:58:17]} 27. Rd3 {[%clk 1:16:02]} Rdd7
{[%clk 0:54:02]} 28. Rf3 {[%clk 1:15:00]} Qd8 {[%clk 0:49:38]} 29. Rd3
{[%clk 1:13:08]} Qb6 {[%clk 0:49:10]} 30. Qb3 {[%clk 1:12:59]} Rac7
{[%clk 0:47:05]} 31. Qa2 {[%clk 1:10:09]} Rc6 {[%clk 0:46:22]} 32. Qa1
{[%clk 1:08:23]} Re7 {[%clk 0:42:18]} 33. Qd1 {[%clk 1:08:31]} Re6
{[%clk 0:41:28]} 34. Qe2 {[%clk 1:03:45]} Rf6 {[%clk 0:40:09]} 35. Qe3
{[%clk 1:04:04]} Qb7 {[%clk 0:40:35]} 36. g3 {[%clk 1:01:30]} Rc4
{[%clk 0:38:35]} 37. Rd5 {[%clk 1:01:03]} h4 {[%clk 0:37:07]} 38. Ra1
{[%clk 1:00:44]} hxg3 {[%clk 0:36:07]} 39. fxg3 {[%clk 1:00:49]} Qc6
{[%clk 0:28:55]} 40. Kg2 {[%clk 0:54:31]} Re6 {[%clk 0:25:10]} 41. Rc1
{[%clk 0:54:09]} f5 {[%clk 0:20:36]} 42. Qa7+ {[%clk 0:46:45]} Kg8
{[%clk 0:18:47]} 43. Qb8+ {[%clk 0:46:52]} Kf7 {[%clk 0:18:26]} 44. Rcd1
{[%clk 0:44:46]} Rxe4 {[%clk 0:18:05]} 45. Kg1 {[%clk 0:44:44]} Re1+
{[%clk 0:17:39]} 46. Rxe1 {[%clk 0:44:54]} Qxd5 {[%clk 0:18:04]} 47. Qa7+
{[%clk 0:37:43]} Re7 {[%clk 0:17:58]} 48. Qe3 {[%clk 0:37:54]} e4
{[%clk 0:16:29]} 49. g4 {[%clk 0:36:04]} Qe5 {[%clk 0:14:49]} 50. gxf5
{[%clk 0:32:57]} gxf5 {[%clk 0:14:29]} 51. Kh1 {[%clk 0:32:18]} Ke6
{[%clk 0:13:57]} 52. Rd1 {[%clk 0:32:01]} Rh7 {[%clk 0:13:39]} 53. Re1
{[%clk 0:31:43]} Rh4 {[%clk 0:11:48]} 54. Rg1 {[%clk 0:31:35]} f4
{[%clk 0:10:54]} 55. Rg6+ {[%clk 0:31:49]} Kd5 {[%clk 0:11:13]} 56. Qb6
{[%clk 0:30:58]} f3 {[%clk 0:09:24]} 57. Qb7+ {[%clk 0:30:44]} Kc4
{[%clk 0:09:20]} 58. Qc8+ {[%clk 0:31:05]} Kb3 {[%clk 0:09:44]} 59. Rg1
{[%clk 0:30:44]} f2 {[%clk 0:08:44]} 60. Rd1 {[%clk 0:30:32]} e3 {[%clk 0:07:36]}
61. Qg8+ {[%clk 0:29:58]} d5 {[%clk 0:06:48]} 0-1

[Event "PMPJ 2022 - C17"]
[Site "Jastrzebia Gora"]
[Date "2022.11.12"]
[Round "9.11"]
[White "Czarniecki, Pawel"]
[Black "Szafranski, Maciej"]
[Result "1-0"]
[BlackElo "1511"]
[WhiteElo "1524"]
[LiveChessVersion "1.4.8"]

1. d4 {[%clk 1:30:59]} d5 {[%clk 1:30:50]} 2. Bf4 {[%clk 1:31:25]} Nf6
{[%clk 1:30:35]} 3. e3 {[%clk 1:31:42]} e6 {[%clk 1:30:30]} 4. Bd3
{[%clk 1:32:00]} Be7 {[%clk 1:28:31]} 5. Nd2 {[%clk 1:31:23]} Nbd7
{[%clk 1:26:28]} 6. Ngf3 {[%clk 1:27:50]} c5 {[%clk 1:25:21]} 7. c3
{[%clk 1:28:14]} a6 {[%clk 1:24:02]} 8. Ne5 {[%clk 1:24:38]} O-O {[%clk 1:19:01]}
9. h4 {[%clk 1:14:47]} Re8 {[%clk 1:15:01]} 10. g4 {[%clk 1:11:19]} Nxe5
{[%clk 1:10:05]} 11. dxe5 {[%clk 1:11:38]} Nd7 {[%clk 1:10:27]} 12. g5
{[%clk 1:11:19]} Nf8 {[%clk 1:10:04]} 13. Qg4 {[%clk 1:02:18]} d4
{[%clk 1:07:02]} 14. exd4 {[%clk 1:01:13]} cxd4 {[%clk 1:07:27]} 15. c4
{[%clk 0:59:50]} Qa5 {[%clk 0:48:40]} 16. Ke2 {[%clk 0:53:55]} Nd7
{[%clk 0:45:14]} 17. Nb3 {[%clk 0:50:14]} Qb6 {[%clk 0:42:31]} 18. Rab1
{[%clk 0:47:35]} a5 {[%clk 0:39:36]} 19. h5 {[%clk 0:36:49]} a4 {[%clk 0:38:18]}
20. g6 {[%clk 0:29:17]} fxg6 {[%clk 0:36:27]} 21. hxg6 {[%clk 0:28:32]} h6
{[%clk 0:36:19]} 22. Nxd4 {[%clk 0:25:21]} Qxd4 {[%clk 0:35:14]} 23. Qxe6+
{[%clk 0:25:46]} Kh8 {[%clk 0:35:42]} 24. Rxh6+ {[%clk 0:26:08]} gxh6
{[%clk 0:36:06]} 25. g7+ {[%clk 0:26:35]} 1-0